000 00394nam a2200145Ia 4500
005 20251222152721.0
008 251222s9999||||xx |||||||||||||| ||spa||
020 _a9786124030116
082 _a200/G81
100 _aGrignani, Mario Luigi
245 0 _aTratado Sobre el Orden, el Matrimonio y la extrema Unción de San Carlos Borromeo
250 _a1ra.ed.
264 _bUCSS
942 _cLIB
999 _c29580
_d29580